000
00312nam a22001337a 4500
008
181203b xxu||||| |||| 00| 0 eng d
020
_a
9780314774606
041
_a
eng
080
_a
004
100
_a
37
101
_a
SHK
245
_a
Cpncepts In data Structures Development
_c
Bruell.S.C
942
_2
udc
_c
BK
999
_c
52695
_d
52695